01011 a2200193 45000010006000000050017000060080041000230030015000640400040000790800038001192450062001570200022002192640058002413000019002995050367003180410008006851000025006938560099007184489020260407155723.0260407a2011 arg spa dAR-UNSa-BCEJYS aAR-UNSa-BCEJYSbspacAR-UNSa-BCEJYS a330(825.1)xEconomía de Mendoza10aCondiciones de vida y vitiviniculturapMendoza, 1870-1950 a978-987-558-208-8 1aBuenos Aires :bUniversidad Nacional de Quilmesc2011 a251 p.c22 cm. a1. El escenario productivo - 2. Características y particularidades del mercado de trabajo – 3. Componentes esenciales de una economía familiar: mujeres y niños en el mercado de trabajo – 4. Analfabetismo, educación y desarrollo social – 5. Particularidades de la transición demográfica – 6. La vivienda: sus características y evolución -  aspa1 aCerdá, Juan Manuel41uhttps://www.biblioeco.unsa.edu.ar/pmb/images/libros/L127021.jpgyImagen de portadaqimage/jpeg